MyGZULibrary

The crime and the silence : (Record no. 570)

MARC details
000 -LEADER
fixed length control field 02467cam a2200481 i 4500
001 - CONTROL NUMBER
control field 18442461
003 - CONTROL NUMBER IDENTIFIER
control field GZU
005 - DATE AND TIME OF LATEST TRANSACTION
control field 20200907150230.0
008 - FIXED-LENGTH DATA ELEMENTS--GENERAL INFORMATION
fixed length control field 150108r20152004nyua 000 0 eng
010 ## - LIBRARY OF CONGRESS CONTROL NUMBER
LC control number 2014046631
020 ## - INTERNATIONAL STANDARD BOOK NUMBER
International Standard Book Number 9780374178796 (hardback)
020 ## - INTERNATIONAL STANDARD BOOK NUMBER
International Standard Book Number 9780374710323 (ebook)
040 ## - CATALOGING SOURCE
Original cataloging agency DLC
Language of cataloging eng
Transcribing agency DLC
Description conventions rda
Modifying agency DLC
041 1# - LANGUAGE CODE
Language code of text/sound track or separate title eng
Language code of original pol
042 ## - AUTHENTICATION CODE
Authentication code pcc
043 ## - GEOGRAPHIC AREA CODE
Geographic area code e-pl---
050 00 - LIBRARY OF CONGRESS CALL NUMBER
Classification number DS 134.66
Item number BIK 2004
082 00 - DEWEY DECIMAL CLASSIFICATION NUMBER
Classification number 940.53/1844
Edition number 23
084 ## - OTHER CLASSIFICATION NUMBER
Classification number HIS043000
-- HIS010010
-- HIS022000
Number source bisacsh
100 1# - MAIN ENTRY--PERSONAL NAME
Personal name Bikont, Anna,
Relator term author.
240 10 - UNIFORM TITLE
Uniform title My z Jedwabnego.
Language of a work English
245 14 - TITLE STATEMENT
Title The crime and the silence :
Remainder of title confronting the massacre of Jews in wartime Jedwabne /
Statement of responsibility, etc. Anna Bikont ; translated from the Polish by Alissa Valles.
250 ## - EDITION STATEMENT
Edition statement First American edition.
264 #1 - PRODUCTION, PUBLICATION, DISTRIBUTION, MANUFACTURE, AND COPYRIGHT NOTICE
Place of production, publication, distribution, manufacture New York :
Name of producer, publisher, distributor, manufacturer Farrar, Straus and Giroux,
Date of production, publication, distribution, manufacture, or copyright notice 2015.
300 ## - PHYSICAL DESCRIPTION
Extent vii, 544 pages :
Other physical details illustrations ;
Dimensions 24 cm
336 ## - CONTENT TYPE
Content type term text
Content type code txt
Source rdacontent
337 ## - MEDIA TYPE
Media type term unmediated
Media type code n
Source rdamedia
338 ## - CARRIER TYPE
Carrier type term volume
Carrier type code nc
Source rdacarrier
500 ## - GENERAL NOTE
General note "Originally published in Polish in 2004 by Wydawnictwo Czarne, Poland, as My z Jedwabnego"--Title page verso.
520 2# - SUMMARY, ETC.
Summary, etc. "The devastating story of Jedwabne, which was the basis of Jan Gross's controversial Neighbors (2001). Based on the author's encounters with witnesses, survivors, murderers, and their helpers between 2000 and 2004, The Crime and the Silence raises important questions about the responsibility of Poles for the Holocaust"--
Assigning source Provided by publisher.
600 10 - SUBJECT ADDED ENTRY--PERSONAL NAME
Personal name Bikont, Anna
Form subdivision Diaries.
650 #0 - SUBJECT ADDED ENTRY--TOPICAL TERM
Topical term or geographic name entry element Holocaust, Jewish (1939-1945)
Geographic subdivision Poland
-- Jedwabne.
650 #0 - SUBJECT ADDED ENTRY--TOPICAL TERM
Topical term or geographic name entry element Jews
Geographic subdivision Poland
-- Jedwabne
General subdivision History
Chronological subdivision 20th century.
650 #0 - SUBJECT ADDED ENTRY--TOPICAL TERM
Topical term or geographic name entry element Collective memory
Geographic subdivision Poland
-- Jedwabne.
650 #7 - SUBJECT ADDED ENTRY--TOPICAL TERM
Topical term or geographic name entry element HISTORY / Holocaust.
Source of heading or term bisacsh
650 #7 - SUBJECT ADDED ENTRY--TOPICAL TERM
Topical term or geographic name entry element HISTORY / Europe / Eastern.
Source of heading or term bisacsh
650 #7 - SUBJECT ADDED ENTRY--TOPICAL TERM
Topical term or geographic name entry element HISTORY / Jewish.
Source of heading or term bisacsh
651 #0 - SUBJECT ADDED ENTRY--GEOGRAPHIC NAME
Geographic name Jedwabne (Poland)
General subdivision Ethnic relations
-- History
Chronological subdivision 20th century.
651 #0 - SUBJECT ADDED ENTRY--GEOGRAPHIC NAME
Geographic name Jedwabne (Poland)
Form subdivision Biography.
906 ## - LOCAL DATA ELEMENT F, LDF (RLIN)
a 7
b cbc
c orignew
d 1
e ecip
f 20
g y-gencatlg
942 ## - ADDED ENTRY ELEMENTS (KOHA)
Source of classification or shelving scheme Library of Congress Classification
Koha item type Books
Classification part 134.66
Item part BIK
Call number prefix DS
Holdings
Withdrawn status Lost status Damaged status Not for loan Collection code Home library Current library Shelving location Date acquired Total Checkouts Full call number Barcode Date last seen Copy number Price effective from Koha item type
        Non-fiction City Campus Library City Campus Library General Stacks 09/07/2020   DS 134.66 BIK 2004 025632 09/07/2020 c.1 09/07/2020 Books